000 00399nam a2200133Ia 4500
008 100328s9999 xx 000 0 und d
082 _b61413
100 _aयादव आनंद.
245 _aउगवती मने.
260 _bमेहता पब्लिशिंग हाऊस.
630 _aउगवती मने.
730 _aउगवती मने.
942 _cBOOK
999 _c547503
_d547500